000 00388nam a2200169Ia 4500
001 1742
003 IN-NITTTR
005 20251114232920.0
008 251113s9999||||xx |||||||||||||| ||eng||
040 _beng
040 _cIN-NITTTR
041 _aeng
082 _a621.388 C148B
100 _aCamm, F. J.
245 2 _aA beginner's guide to television. /
_cCamm, F. J.
942 _2ddc
_cBK
999 _c2465
_d2465